000 00835nam a2200253Ia 4500
003 OSt
005 20220923225351.0
006 a|||||r|||| 00| 0
007 ta
008 220922b |||||||| |||| 00| 0 hin d
024 _a264,264
037 _cTextual
040 _aARTS
_cARTS
_bhin
041 _2hin
_ahin
082 _aV2,21wN17, 152L2
100 _aश्रीवास्तव; चतुर्वेदी
245 0 _aशक्तिपुंज इन्दिरा
246 _aShaktipuanja indirā
260 _aजयपुर
_b बाफना प्रकाशन
_c1972
300 _a309पृ.
_ccm.
650 _aविश्व-इतिहास
942 _hV2,21wN17, 152L2
_cTEXL
_2CC
999 _c377800
_d377800